| 000 | 01006nas a2200325 4500 | ||
|---|---|---|---|
| 001 | BR2013008363 | ||
| 003 | BR-BrBNA | ||
| 005 | 20231205123059.0 | ||
| 007 | ta | ||
| 008 | 230509b bl.|||p| |||| 00| 00por d | ||
| 040 |
_aBR-BrBNA _bpor _cBiblioteca Nacional de Agricultura |
||
| 041 | _a(Pt) | ||
| 072 | _aH10 | ||
| 100 | 1 | _aMilléo, J. | |
| 100 | 1 | _aSouza, J.M.T. de | |
| 100 | 1 | _aBarbola, I. de F. | |
| 100 | 1 | _aMoura, L. de A. | |
| 100 | 1 | _aPucci,M.B. | |
| 245 | 1 | _aDiversidade e sazonalidade de crisomelídeos (Coleoptera: Chrysomelidade)em pomar no município de Ponta Grossa, Paraná, Brasil | |
| 650 | _aPOMAR | ||
| 650 | _aÁRVORE FRUTÍFERA | ||
| 650 | _aCRISOMELÍDEO | ||
| 650 | _aLARANJA | ||
| 650 | _aTANGERINA | ||
| 650 | _aPRAGA DE PLANTA | ||
| 650 | _aTAXONOMIA ANIMAL | ||
| 773 | 0 |
_tRevista Brasileira de Fruticultura (Brazil) _xISSN 0100-2945 _g(Jun 2013), v. 35(2) p. 454-463 _wBR2013008363 |
|
| 909 |
_a202311 _bLúcia _c55 _dLúcia Elande |
||
| 942 |
_2AGRIS _n0 _cANA |
||
| 999 |
_c232082 _d232082 |
||